|
|
|
|
| LEADER |
00000nam0a2200000 4500 |
| 001 |
272301 |
| 005 |
20231101234524.0 |
| 035 |
|
|
|a (RuTPU)RU\TPU\book\295507
|
| 035 |
|
|
|a RU\TPU\book\212817
|
| 090 |
|
|
|a 272301
|
| 100 |
|
|
|a 20141016d1905 m y0rusy50 ca
|
| 101 |
0 |
|
|a rus
|
| 102 |
|
|
|a RU
|
| 105 |
|
|
|a y j 000zy
|
| 200 |
1 |
|
|a Задачи по математике. 1904-1905 уч. г.
|f Томский технологический институт (ТТИ) Императора Николая II
|
| 210 |
|
|
|a Томск
|c Типо-литография М. Н. Кононова
|d 1905
|
| 300 |
|
|
|a Литографированное издание. Листы не нумерованы.
|
| 606 |
1 |
|
|a Математика
|2 stltpush
|3 (RuTPU)RU\TPU\subj\67327
|9 83171
|
| 610 |
1 |
|
|a труды учёных ТПУ
|
| 610 |
1 |
|
|a высшая математика
|
| 610 |
1 |
|
|a аналитическая геометрия
|
| 610 |
1 |
|
|a интегральное исчисление
|
| 610 |
1 |
|
|a задачи
|
| 610 |
1 |
|
|a учебные пособия
|
| 675 |
|
|
|a 514.12(076)
|v 3
|
| 675 |
|
|
|a 517.3(076)
|v 3
|
| 712 |
0 |
2 |
|a Томский технологический институт (ТТИ)
|c (1896-1923)
|2 stltpush
|3 (RuTPU)RU\TPU\col\9244
|
| 801 |
|
1 |
|a RU
|b 63413507
|c 20110503
|
| 801 |
|
2 |
|a RU
|b 63413507
|c 20161226
|g RCR
|
| 942 |
|
|
|c BK
|